|
|
|
|
| LEADER |
00000nam0a2200000 4500 |
| 001 |
361365 |
| 005 |
20231102011400.0 |
| 035 |
|
|
|a (RuTPU)RU\TPU\retro\18691
|
| 090 |
|
|
|a 361365
|
| 100 |
|
|
|a 20210603d1973 m y0rusy50 ca
|
| 101 |
0 |
|
|a rus
|
| 102 |
|
|
|a RU
|
| 105 |
|
|
|a a z 001zy
|
| 200 |
1 |
|
|a Наплавка порошковой проволокой
|f Ю. А. Юзвенко, Г. А. Кирилюк
|g Научно-техническое общество машиностроительной промышленности
|
| 210 |
|
|
|a Москва
|c Машиностроение
|d 1973
|
| 215 |
|
|
|a 48 с.
|c ил.
|
| 225 |
1 |
|
|a Университет технического прогресса в машиностроении
|
| 320 |
|
|
|a Библиогр.: с. 46
|
| 606 |
1 |
|
|a Наплавка электродуговая
|2 stltpush
|3 (RuTPU)RU\TPU\subj\44836
|9 64114
|
| 610 |
1 |
|
|a порошковая проволока
|
| 610 |
1 |
|
|a наплавочные материалы
|
| 610 |
1 |
|
|a наплавочные проволоки
|
| 610 |
1 |
|
|a состав
|
| 610 |
1 |
|
|a марка
|
| 610 |
1 |
|
|a техника
|
| 610 |
1 |
|
|a применение
|
| 610 |
1 |
|
|a примеры
|
| 675 |
|
|
|a 621.791.927
|v 4
|
| 700 |
|
1 |
|a Юзвенко
|b Ю. А.
|g Юрий Арсеньевич
|
| 701 |
|
1 |
|a Кирилюк
|b Г. А.
|g Геннадий Алексеевич
|
| 712 |
0 |
2 |
|a Научно-техническое общество машиностроительной промышленности
|2 stltpush
|3 (RuTPU)RU\TPU\col\8341
|9 24512
|
| 801 |
|
1 |
|a RU
|b 63413507
|c 20210603
|
| 942 |
|
|
|c BK
|